000 01024nam a2200301 i 4500
003 EG-GICUC
005 20260121101635.0
008 260101s1930 it ||||fr|||| 001 0 ita d
040 _aEG-GiCUC
_bita
_cEG-GiCUC
_dEG-GiCUC
_eRda
041 _aita
082 0 4 _221
_a341.28044
_bNA . M
092 0 4 _221
099 _aLaw1 11 341.28044 NA . M 1930
100 1 _aNava, Santi
_eAuthor.
245 1 3 _aIl Mandato Francese In Siria Dalle Sue Origini Al 1929 /
_cSanti Nava.
264 1 _aitaly ؛
_bcedam،
_c1930.
300 _a269 page ;
_c24 cm.
336 _2rda contenu
_a texte
337 _2rda medias
_aOrdinateur
338 _2 transporteur rda
_a Ressource en ligne
500 _aINCLUDE TRATTATI, ACCORDI E CONVENZIONI CITATI NEL TESTO
546 _a Text in Italian
650 1 _aTerritoires non autonomes -- Statut international
_xDroit international public
_zFrance
_zSyrie
651 1 _2qrmak
856 4 0 _uhttps://fll.law.cu.edu.eg/fulltext/bks/B11-06723.pdf
905 _a75
942 _2ddc
_n0
_cBK
_e21
999 _c53826
_d53826